Conservation and management of transnational tuna fisheries
Guardat en:
| Autors principals: | , , |
|---|---|
| Format: | Llibre |
| Idioma: | anglès |
| Publicat: |
Hoboken
John Wiley
2010
|
| Matèries: | |
| Etiquetes: |
Afegir etiqueta
Sense etiquetes, Sigues el primer a etiquetar aquest registre!
|
MARC
| LEADER | 00000nam a2200000 a 4500 | ||
|---|---|---|---|
| 001 | UCG4383 | ||
| 003 | CL-VaPUC | ||
| 008 | 101028e20100000us |||||||||||||||||eng|d | ||
| 020 | |a 9780813805672 | ||
| 082 | 0 | 4 | |a 338.372 |b ALL |2 21 |
| 100 | 0 | |a Allen, Robin |e author |9 553706 | |
| 700 | 0 | |a Joseph, James |e author |9 553707 | |
| 700 | 0 | |a Squires, Dale |e author |9 553708 | |
| 245 | 1 | 0 | |a Conservation and management of transnational tuna fisheries |
| 300 | |a 343 p | ||
| 942 | |c BK | ||
| 945 | |d 20101028 00:00:00 |a mfarfan | ||
| 260 | |a Hoboken |b John Wiley |c 2010 | ||
| 650 | 0 | |a Industria pesquera |9 255432 | |
| 650 | 0 | |a Gestión |9 260993 | |
| 650 | 0 | |a Atún |9 261855 | |
| 650 | 7 | |a CONSERVACION |2 CL-VaPUC |9 259519 | |
| 583 | |a last modification |c 20171221 02:32:57 |k Rodrigo Vera | ||
| 999 | |c 343143 |d 343141 | ||
| 952 | |0 0 |1 0 |4 0 |6 338_372000000000000_ALL_2010 |7 0 |8 CCM |9 440177 |a BIBCUR |b BIBCUR |d 2019-11-22 |i 4729714 |o 338.372 ALL 2010 |p 4729714 |r 2025-04-22 |w 2019-11-22 |y BK |k CIM | ||